Diccionario de administración y finanzas (Registro nro. 11607)
[ vista simple ]
| 000 -CABECERA | |
|---|---|
| campo de control de longitud fija | 00549nam a22002177a 4500 |
| 005 - FECHA Y HORA DE ACTUALIZACIÓN | |
| campo de control | 20230425173540.0 |
| 008 - LONGITUD FIJA | |
| campo de control de longitud fija | 190128b1999 xxu||||| |||| 00| 0 spa d |
| 020 ## - INTERNATIONAL STANDARD BOOK NUMBER | |
| Número Internacional Estándar del Libro | 844941444 |
| 041 ## - IDIOMA | |
| Código de idioma del texto/pista de sonido o título separado | Español |
| -- | Inglés |
| 082 ## - CLASIFICACIÓN DECIMAL DEWEY | |
| Número de clasificación | R 658.03 D545d |
| 245 ## - TÍTULO PROPIAMENTE DICHO | |
| Título | Diccionario de administración y finanzas |
| 260 ## - PIE DE IMPRENTA | |
| Lugar de publicación, distribución, etc. | España |
| 260 ## - PIE DE IMPRENTA | |
| Nombre del editor, distribuidor, etc. | Océano |
| 260 ## - PIE DE IMPRENTA | |
| Fecha de publicación, distribución, etc. | 1999 |
| 300 ## - DESCRIPCIÓN FÍSICA | |
| Extensión | 704 páginas |
| 505 ## - Nota de Contenido | |
| Nota de contenido | Contiene disco compacto N° 41 |
| 650 ## - Materia General | |
| Materia general | DICCIONARIOS |
| 650 ## - Materia General | |
| Materia general | ADMINISTRACIÓN |
| 650 ## - Materia General | |
| Materia general | FINANZAS |
| 942 ## - Punto de Acceso Adicional Koha | |
| Tipo de ítem Koha | Referencia |
| Estado perdido | Estado dañado | No para préstamo | Biblioteca permanente | Biblioteca actual | Signatura completa | Código de barras | Precio efectivo a partir del | Tipo de ítem | Estado retirado | Fuente de clasificación o esquema de estantería |
|---|---|---|---|---|---|---|---|---|---|---|
| Departamento de Biblioteca y Documentación Alfonso Chase Brenes | Departamento de Biblioteca y Documentación Alfonso Chase Brenes | R 658.03 D545d | 5987 | 28/01/2019 | Referencia | |||||
| Dañado | Departamento de Biblioteca y Documentación Alfonso Chase Brenes | Departamento de Biblioteca y Documentación Alfonso Chase Brenes | R 658.03 D545d | 41DC | 28/01/2019 | Disco Compacto | Retirado | Dewey Decimal Classification |